Fundamentals of Cancer Prevention

This authoritative work is an essential reference guide and tool for oncologists, primary care physicians, the research community, and students with an interest in reducing the burden of cancer. Written as a collaborative work by nationally recognized leaders in the field of cancer prevention and co...

Full description

Corporate Author: SpringerLink (Online service)
Other Authors: Alberts, David. (Editor, http://id.loc.gov/vocabulary/relators/edt), Hess, Lisa M. (Editor, http://id.loc.gov/vocabulary/relators/edt)
Language:English
Published: Berlin, Heidelberg : Springer Berlin Heidelberg : Imprint: Springer, 2014.
Edition:3rd ed. 2014.
Subjects:
Online Access:https://doi.org/10.1007/978-3-642-38983-2
LEADER 03030nam a22005055i 4500
001 978-3-642-38983-2
003 DE-He213
005 20210615160646.0
007 cr nn 008mamaa
008 131210s2014 gw | s |||| 0|eng d
020 |a 9783642389832  |9 978-3-642-38983-2 
024 7 |a 10.1007/978-3-642-38983-2  |2 doi 
050 4 |a RC254-282 
072 7 |a MJCL  |2 bicssc 
072 7 |a MED062000  |2 bisacsh 
072 7 |a MJCL  |2 thema 
082 0 4 |a 616.994  |2 23 
245 1 0 |a Fundamentals of Cancer Prevention  |h [electronic resource] /  |c edited by David Alberts, Lisa M. Hess. 
250 |a 3rd ed. 2014. 
264 1 |a Berlin, Heidelberg :  |b Springer Berlin Heidelberg :  |b Imprint: Springer,  |c 2014. 
300 |a VIII, 663 p. 34 illus., 13 illus. in color.  |b online resource. 
336 |a text  |b txt  |2 rdacontent 
337 |a computer  |b c  |2 rdamedia 
338 |a online resource  |b cr  |2 rdacarrier 
347 |a text file  |b PDF  |2 rda 
505 0 |a Introduction -- Human and Economic Benefits of Prevention -- Nutrition/ Lifestyle -- Nutrients -- Immune Response -- Hereditary Risk -- Health Disparties in Prevention -- Culture/ Ethnicity -- CAM -- Reaching Underserved/ Novel Approaches -- Global Health -- Drug Development -- Prodrugs -- Skin Cancer -- Colorectal Cancer -- Lung Cancer -- Breast Cancer -- Prostate Cancer -- Cervical Cancer -- Ovarian Cancer -- Endometrial Cancer -- Survivorship. 
520 |a This authoritative work is an essential reference guide and tool for oncologists, primary care physicians, the research community, and students with an interest in reducing the burden of cancer. Written as a collaborative work by nationally recognized leaders in the field of cancer prevention and control, the third edition provides readers with new information related to recent developments in the field. The scope of this edition has been expanded to include topics related to global health and to provide readers with novel insights into the expanding disciplines within cancer prevention and control. 
650 0 |a Oncology  . 
650 0 |a Medicine. 
650 0 |a Epidemiology. 
650 1 4 |a Oncology.  |0 https://scigraph.springernature.com/ontologies/product-market-codes/H33160 
650 2 4 |a Medicine/Public Health, general.  |0 https://scigraph.springernature.com/ontologies/product-market-codes/H00007 
650 2 4 |a Epidemiology.  |0 https://scigraph.springernature.com/ontologies/product-market-codes/H63000 
700 1 |a Alberts, David.  |e editor.  |4 edt  |4 http://id.loc.gov/vocabulary/relators/edt 
700 1 |a Hess, Lisa M.  |e editor.  |4 edt  |4 http://id.loc.gov/vocabulary/relators/edt 
710 2 |a SpringerLink (Online service) 
773 0 |t Springer Nature eBook 
776 0 8 |i Printed edition:  |z 9783642389825 
776 0 8 |i Printed edition:  |z 9783642389849 
776 0 8 |i Printed edition:  |z 9783662500194 
856 4 0 |u https://doi.org/10.1007/978-3-642-38983-2 
912 |a ZDB-2-SME 
912 |a ZDB-2-SXM 
950 |a Medicine (SpringerNature-11650) 
950 |a Medicine (R0) (SpringerNature-43714)